| 000 | 01206nam a2200313 i 4500 | ||
|---|---|---|---|
| 001 | 179209 | ||
| 003 | ES-MaACL | ||
| 005 | 20250815140447.0 | ||
| 008 | 111005s20052006sp ao |||| |dspa d | ||
| 020 | _a84-471-0336-6 | ||
| 080 | _a7"18" | ||
| 245 | 0 | 3 | _aEl realismo, el impresionismo. |
| 260 |
_a[Barcelona] : _bSalvat, _c[2005] _c, [i.e. 2006] |
||
| 300 |
_a288 p. : _bil. col. ; _c31 cm. |
||
| 490 | 1 |
_aHistoria del arte ; _v15 |
|
| 505 | 8 | _aContiene: Pintura francesa posromántica . Realismo y naturalismo en la escultura . La arquitectura en el siglo XIX . El impresionismo . Postimpresionismo y neoimpresionismo | |
| 650 | 4 |
_aRealismo (Arte) _916688 |
|
| 650 | 7 |
_aImpresionismo (Arte) _2embne _9136699 |
|
| 650 | 4 |
_aImpresionismo (Arte)- _zFrancia. _9165160 |
|
| 650 | 4 |
_aPintura francesa- _yS.XIX. _9156487 |
|
| 650 | 4 |
_aPintura- _yS.XIX. _9159872 |
|
| 650 | 4 |
_aEscultura- _yS.XIX. _9148142 |
|
| 650 | 4 |
_aArquitectura- _yS.XIX. _910005 |
|
| 830 | 1 |
_aHistoria del arte ; _v15 _9224425 |
|
| 852 |
_aES-MaACL _jA-11599 _9179209 _bR.1455968 _cDEPO1 _dOlim: N-4604 _xDonación: Manuela Sánchez |
||
| 903 |
_9234238 _aSánchez, Manuela _ednr |
||
| 942 |
_2udc _cMONOGRAFIA |
||
| 999 |
_c179209 _d179209 |
||